The Search - NF (Lyrics) Pt.2 - Statistics

General Stats
  • This quiz has been taken 101 times
  • The average score is 180 of 278
Answer Stats
Lyrics % Correct
I
97%
a
92%
it
89%
an
87%
to
87%
you
87%
You
87%
The
84%
the
84%
always
82%
be
82%
but
82%
And
79%
and
79%
in
79%
your
79%
as
76%
hopin'
76%
me,
76%
me
76%
of
76%
that?
76%
That
76%
that
76%
up
76%
can
74%
dies
74%
I'm
74%
is
74%
It's
74%
it's
74%
not
74%
-not
74%
not,
74%
Then
74%
then
74%
way
74%
am
71%
Am
71%
comes
71%
great
71%
great-
71%
like
71%
never
71%
now
71%
on
71%
on,
71%
On
71%
powerful
71%
survives
71%
you'll
71%
You'll
71%
at
68%
crazy
68%
Every
68%
evil
68%
hold
68%
look
68%
Look
68%
mind
68%
Must
68%
place
68%
point
68%
right?
68%
right
68%
surprise
68%
affect
66%
nowhere
66%
take
66%
Take
66%
tell
66%
Tell
66%
Try
66%
underwater
66%
Yeah,
66%
yeah,
66%
you're
66%
cool,
63%
don't
63%
hate
63%
Just
63%
murder
63%
relate
63%
second,
63%
think
63%
Will
63%
about
61%
because
61%
find
61%
get
61%
if
61%
makin'
61%
okay?
61%
safe
61%
what
61%
day
58%
face
58%
feed
58%
for
58%
lies
58%
millions
58%
only
58%
pretty
58%
Pretty
58%
search
58%
with
58%
with,
58%
moment,
55%
outta
55%
when
55%
cut
53%
faith,
53%
hang
53%
so
53%
time
53%
begins,
50%
Better
50%
better
50%
over
50%
back
47%
back,
47%
benefits
47%
grab
47%
This'll
47%
again
45%
hovers
45%
invite
45%
trip
45%
balloons
42%
friends
42%
how
42%
delicate
39%
enjoy
39%
big
37%
can't
37%
measure
37%
smilin'
37%
'em
34%
everybody,
34%
relevant?
34%
evidence
32%
genuine
32%
give
32%
predict
32%
been
29%
depends
29%
know
29%
Measurement,
29%
strap
29%
afraid
26%
dependin'
26%
evident;
26%
gentlemen,
26%
keep
26%
Seatbelts
26%
bag
24%
down",
24%
elegant,
24%
I've
24%
myself
24%
Nothin'
24%
road
24%
developin',
21%
even
21%
fist
21%
meddle
21%
raise
21%
resist
21%
celebrate
18%
grip
18%
proper
18%
"Tone
18%
tentative
16%
dependable
13%
etiquette,
13%
sound,
13%
Y'all
11%
No matching quizzes found
Score Distribution
Percent of People with Each Score
Percentile by Number Answered
Your Score History
You have not taken this quiz